00275nam a2200097 4500082001600000100001700016245006700033260003600100300001000136650003100146 aTNC AA P192 aPandit, M.P. aThe yoga of works: Based on Sri Aurobindo's synthesis fo yoga  aNew DelhibNew age books c1985 a185p. aPhilosophy - Hindu - Yoga